000
00294 a2200121 4500
000
nam a22 7a 4500
005
20260207123934.0
020
_a
9789394057111
100
_a
Upendra Prasad
_9
1114346
245
_a
History of Jainism
260
_b
Insight Publication
_c
2023
942
_c
TEXL
999
_c
1678890
_d
1678890